000
00291nam a22001337a 4500
008
180920b xxu||||| |||| 00| 0 eng d
020
_a
2901565102360
041
_a
eng
080
_a
070
100
_a
39
101
_a
MED
245
_a
Violence in the Media
_c
Bender,D.L
942
_2
udc
_c
BK
999
_c
48118
_d
48118